| 000 -CABECERA |
| Longitud fija campo de control |
00624nam a2200193 a 4500 |
| 001 - NÚMERO DE CONTROL |
| Número de control |
4372 |
| 003 - IDENTIFICADOR DEL NÚMERO DE CONTROL |
| Identificador del número de control |
CDMR |
| 005 - FECHA Y HORA DE LA ÚLTIMA TRANSACCIÓN |
| Fecha y hora de la última transacción |
20131114114243.0 |
| 008 - CÓDIGOS DE INFORMACIÓN DE LONGITUD FIJA |
| Códigos de información de longitud fija |
130130s1999||||||||||||||||||||||||||||d |
| 040 ## - FUENTE DE LA CATALOGACIÓN |
| Centro catalogador de origen |
CDMR |
| Lengua de catalogación |
cat |
| Centro transcriptor |
CDMR |
| 245 #3 - MENCIÓN DE TÍTULO |
| Título |
El empleo en el sector de la Comunicación Social |
| Resto del título |
: evolución 1992-1997 |
| Mención de responsabilidad, etc. |
Asociación de Periodistas de Bizkaia |
| 246 ## - VARIANTES DE TÍTULO |
| Título propio / Título en breve |
El empleo en la Comunicación |
| Resto de título |
: 1992-1997 |
| 260 ## - PUBLICACIÓN, DISTRIBUCIÓN, ETC. (PIE DE IMPRENTA) |
| Lugar de publicación, distribución, etc. |
Bilbao |
| Fecha de publicación, distribución, etc. |
1999 |
| 300 ## - DESCRIPCIÓN FÍSICA |
| Extensión |
45 p. |
| Dimensiones |
30 cm |
| 650 04 - PUNTO DE ACCESO ADICIONAL DE MATERIA - TÉRMINO DE MATERIA |
| 9 (RLIN) |
4341 |
| Término de materia o nombre geográfico como elemento inicial |
Mercat de treball |
| Subdivisión geográfica |
Espanya |
| 650 04 - PUNTO DE ACCESO ADICIONAL DE MATERIA - TÉRMINO DE MATERIA |
| 9 (RLIN) |
3726 |
| Término de materia o nombre geográfico como elemento inicial |
Periodistes |
| Subdivisión geográfica |
Espanya |
| 710 2# - PUNTO DE ACCESO ADICIONAL - NOMBRE DE ENTIDAD |
| 9 (RLIN) |
4351 |
| Nombre de entidad o nombre de jurisdicción como elemento inicial |
Asociación de Periodistas de Bizkaia |
| 942 ## - ENTRADA DE ELEMENTOS AGREGADOS (KOHA) |
| Koha [por defecto] tipo de item |
Monografies |
| Fuente de clasificaión o esquema |
|